LEADER 02010nam 2200385 n 450 001 996390235803316 005 20200818224148.0 035 $a(CKB)4940000000100456 035 $a(EEBO)2240891336 035 $a(UnM)99833027e 035 $a(UnM)99833027 035 $a(EXLCZ)994940000000100456 100 $a19960102d1692 uy | 101 0 $aeng 135 $aurbn||||a|bb| 200 00$aLithgow's nineteen years travels through the most eminent places in the habitable world$b[electronic resource] $eContaining an exact description of the customs, laws, religion, policies, and government of emperors, kings, and princes; also of the countries and cities, trades, rivers, and commerce in all places through which he travell'd. Also an account of the tortures he suffered under the Spanish Inquisition, by racking, and other inhumane usages, for his owning the Protestant religion. Together, with his miraculous deliverance from the cruelties of the papists, which far exceeded any of the heathen countries, herein largely described 205 $aThe tenth edition. 210 $aLondon $cprinted by J. Millet, for M. Wotton at the three Daggers in Fleet-street, G. Conyers in Little-Britain, and T. Passinger at the Three Bibles and Star on London-Bridge$d1692 215 $a488, [8] p., [6] leaves of plates $cill 300 $aFrontis. = plate. 300 $aCopy stained. 300 $aReproduction of the original in the British Library. 330 $aeebo-0018 606 $aVoyages and travels$vEarly works to 1800 607 $aAsia$xDescription and travel$vEarly works to 1800 607 $aAfrica$xDescription and travel$vEarly works to 1800 615 0$aVoyages and travels 700 $aLithgow$b William$f1582-1645?$01001006 801 0$bCu-RivES 801 1$bCu-RivES 801 2$bWaOLN 906 $aBOOK 912 $a996390235803316 996 $aLithgow's nineteen years travels through the most eminent places in the habitable world$92366969 997 $aUNISA LEADER 00813nam--2200325---450- 001 990001678920203316 005 20040519105812.0 035 $a000167892 035 $aUSA01000167892 035 $a(ALEPH)000167892USA01 035 $a000167892 100 $a20040519d1852----km-y0itay0103----ba 101 0 $afre 102 $aDE 105 $a||||||||001yy 200 1 $aAngelo$fVictor Hugo 210 $aFrankfurt$cBechold$d1852 215 $aP. 415-576$d16 cm. 410 0$12001 454 1$12001 461 1$1001-------$12001 700 1$aHUGO,$bVictor$0444801 801 0$aIT$bsalbc$gISBD 912 $a990001678920203316 951 $asenza coll.$b303 L.M.$csenza coll. 959 $aBK 969 $aUMA 979 $aSIAV8$b10$c20040519$lUSA01$h1058 996 $aAngelo$9941447 997 $aUNISA